| 000 | 00559nam a2200157Ia 4500 | ||
|---|---|---|---|
| 008 | 090711s9999 xx 000 0 und d | ||
| 082 | _b75609 | ||
| 100 | _aप्रभावळकर दिलीप | ||
| 245 | _aबोक्या सातबंडे भाग 2 | ||
| 300 | _a88 | ||
| 600 | _aप्रभावळकर दिलीप | ||
| 630 | _aबोक्या सातबंडे भाग 2 | ||
| 700 | _aप्रभावळकर दिलीप | ||
| 730 | _aबोक्या सातबंडे भाग 2 | ||
| 942 | _cBOOK | ||
| 999 |
_c327859 _d327859 |
||